000 00721nam a2200289Ia 4500
005 20260324115953.0
008 008 260324s9999 xx 000 0 eng d
020 _a9781315592077
037 _aEBOOK
040 _aCRL
040 _beng
040 _cCRL
041 _2eng
041 _aeng
084 _qCRL
100 _aIdo Shahar
_91156711
245 0 _aLegal Pluralism in the Holy City
245 0 _bCompeting Courts, Forum Shopping, and Institutional Dynamics in Jerusalem
260 _bTaylor and Francis
260 _c2015
365 _a
365 _b230
856 _uhttp://www.taylorfrancis.com/books/9781315592077
942 _cEBOOK
999 _c1747980
_d1747980